00694nam a2200241 a 4500001001300000003000900013005001700022008004100039020001000080082001500090100001900105245007400124260004100198300000900239500003500248505001100283650001400294700001900308902000800327942000700335952009500342999001500437nice12345678IN_TiNIC20260116012130.0050524s1927 lona grp 000 0 eng  ac10000a234.5bHAR aHartill, Percy aNecessity of Redemptionb Study in the Significanese of the Atonement aLondonbLongmans, Green and Coc1927 a121p aincludes index and biblioraphy2 aIndex. aAtonement1 aHartill, Percy bSRS cBK 00104070aHMIbHMId2007-06-20g100.00l0o234.5 HARp9130r2007-06-20w2026-01-16yARB c5767d5767